000 00534nam a2200181Ia 4500
008 151018s9999 xx 000 0 und d
082 _bRBASDV26083
_a891.468
100 _aरा ग जाधव
245 _aतृतीया
250 _b1
260 _bसाहित्य प्रसार केंद्र नागपूर
_c1993
300 _a108
600 _aरा ग जाधव
630 _aतृतीया
700 _aरा ग जाधव
730 _aतृतीया
942 _cBOOK
999 _c1025691
_d1025688